书目信息 |
| 题名: |
垒球
|
|
| 作者: | 乔培基 编著 | |
| 分册: | ||
| 出版信息: | 北京 北京体育大学出版社 2003 |
|
| 页数: | 362页 | |
| 开本: | 20cm | |
| 丛书名: | ||
| 单 册: | ||
| 中图分类: | G848.2 | |
| 科图分类: | ||
| 主题词: | 垒球运动 | |
| 电子资源: | ||
| ISBN: | 7-81051-926-3 | |
| 000 | 00598nam0 2200217 45 | |
| 001 | 0404080811 | |
| 005 | 20040408084057.0 | |
| 010 | @a7-81051-926-3@dCNY20.00 | |
| 100 | @a20040408d2003 km y0chiy0120 ea | |
| 101 | 0 | @achi |
| 105 | @a z 000yy | |
| 200 | 1 | @a垒球@ALei Qiu@f乔培基编著@FQiao Pei Ji Bian Zhu |
| 210 | @a北京@c北京体育大学出版社@d2003 | |
| 215 | @a362页@d20cm | |
| 300 | @a学校体育选项课教材 | |
| 300 | @a附录:棒垒球运动常用英语词汇 | |
| 606 | 0 | @a垒球运动 |
| 690 | @aG848.2@v4 | |
| 701 | 0 | @a乔培基@4编著 |
| 801 | @aCN@bTSTC@c20040408 | |
| 905 | @b331126-130@dG848.2@e141@f5 | |
| 垒球/乔培基编著.-北京:北京体育大学出版社,2003 |
| 362页;20cm |
| 学校体育选项课教材.-附录:棒垒球运动常用英语词汇 |
| ISBN 7-81051-926-3:CNY20.00 |
| ● |
| 相关链接 |
|
|
|
|
正题名:垒球
索取号:G848.2/141
 
预约/预借
| 序号 | 登录号 | 条形码 | 馆藏地/架位号 | 状态 | 备注 |
| 1 | 0331126 | 203311264 | 密集书库/ [索取号:G848.2/141] | 在馆 | |
| 2 | 0331127 | 203311273 | 第四借阅区/ [索取号:G848.2/141] | 在馆 | |
| 3 | 0331128 | 203311282 | 密集书库/ [索取号:G848.2/141] | 在馆 | |
| 4 | 0331129 | 203311291 | 第四借阅区/ [索取号:G848.2/141] | 在馆 | |
| 5 | 0331130 | 203311308 | 第一样本阅览室/ [索取号:G848.2/141] | 在馆 |